00349nam a2200121Ia 4500008004100000041001200041082001900053100003700072245004400109260003500153300001100188650002800199231217s9999 xx 000 0 und d aEnglish a001.535 CHA;9 aCharniak, Eugene McDermott, Drew 0aIntroduction to artificial intelligence c1985bPearson EducationaDelhi axv+701 aartificial,intelligence